[Event "ITA-chT GpA 55th"]
[Site "Vasto"]
[Date "2024.04.09"]
[Round "2.24"]
[White "Podetti, Davide"]
[Black "Di Paolo, Raffaele"]
[Result "1/2-1/2"]
[WhiteElo "2280"]
[BlackElo "2290"]
[PlyCount "112"]
[EventDate "2024.04.08"]
[EventType "team-tourn"]
[EventRounds "7"]
[EventCountry "ITA"]
[SourceTitle "CB16_2024"]
[SourceDate "2024.04.17"]
[SourceVersion "1"]
[SourceVersionDate "2024.04.17"]
[SourceQuality "1"]
[WhiteTeam "Cerianese Scacchistica"]
[BlackTeam "Costa Smeralda"]
[WhiteTeamCountry "ITA"]
[BlackTeamCountry "ITA"]

1. e4 e6 2. d4 d5 3. Nc3 Bb4 4. e5 c5 5. Bd2 Ne7 6. Nb5 Bxd2+ 7. Qxd2 0-0 8. f4 Qb6 9. dxc5 Qxc5 10. Nf3 Bd7 11. Nc3 Nbc6 12. Bd3 Nb4 13. Qf2 Qxf2+ 14. Kxf2 f6 15. exf6 gxf6 16. Rhe1 Nec6 17. Kg1 Rac8 18. a3 Nxd3 19. cxd3 Ne7 20. Nd4 Kf7 21. Re2 Rce8 22. Rae1 Nc8 23. Ndb5 a6 24. Nc7 Re7 25. f5 exf5 26. N7xd5 Rxe2 27. Rxe2 Rd8 28. Nf4 Bc6 29. Kf2 Ne7 30. Re3 Ng6 31. Nce2 Ne5 32. Rh3 h6 33. Ke1 Ng4 34. Rh5 Bb5 35. h3 Ne5 36. Rxh6 Nxd3+ 37. Nxd3 Kg7 38. Rh4 Rxd3 39. Nd4 Re3+ 40. Kf2 Re5 41. Nxb5 axb5 42. Rd4 Kg6 43. Rd7 Rc5 44. b4 Rc2+ 45. Kg1 Rc1+ 46. Kh2 Rc3 47. Rxb7 Rxa3 48. Rxb5 f4 49. Kg1 Ra2 50. Kf1 Rb2 51. Rb8 Kf5 52. b5 Rb1+ 53. Kf2 Rb2+ 54. Kf3 Rb3+ 55. Kf2 Rb2+ 56. Kf3 Rb3+ 1/2-1/2

[Event "Imperia op-A 61st"]
[Site "Imperia"]
[Date "2019.09.04"]
[Round "4.5"]
[White "Pepino, Enrico"]
[Black "Di Paolo, Raffaele"]
[Result "0-1"]
[WhiteElo "2094"]
[BlackElo "2340"]
[PlyCount "114"]
[EventDate "2019.09.01"]
[EventType "swiss"]
[EventRounds "9"]
[EventCountry "ITA"]
[SourceTitle "EXT 2024"]
[Source "ChessBase"]
[SourceDate "2023.10.10"]
[SourceVersion "1"]
[SourceVersionDate "2023.10.10"]
[SourceQuality "1"]

1. e4 e6 2. d4 d5 3. Nd2 Nf6 4. e5 Nfd7 5. Bd3 c5 6. c3 Nc6 7. Ngf3 Be7 8. 0-0 a5 9. Re1 cxd4 10. cxd4 Nb6 11. Nf1 Bd7 12. a3 a4 13. Be3 Na5 14. Qe2 Nbc4 15. Rad1 Qb6 16. Bc1 Rc8 17. Ne3 Nxe3 18. Bxe3 Nc4 19. Bc1 h6 20. h4 Rc7 21. g3 Kd8 22. Be3 Nxe3 23. fxe3 Kc8 24. Rc1 Bc6 25. Rc2 Kb8 26. Rec1 f5 27. exf6 gxf6 28. h5 Bd6 29. Kf2 Rg8 30. Bg6 Rgc8 31. Qd2 Bd7 32. Ng1 Bb5 33. Ne2 Bc4 34. Kg2 Bb3 35. Rxc7 Bxc7 36. Nc3 f5 37. Qf2 Qa6 38. Qe2 Bc4 39. Qf2 b5 40. Ne2 Qd6 41. Nf4 Rf8 42. Qd2 Qe7 43. Qb4 Qxb4 44. axb4 Rf6 45. Bh7 Kc8 46. Nxe6 Rxe6 47. Bxf5 Kd7 48. g4 Bd8 49. e4 Ke7 50. Bxe6 Kxe6 51. e5 Bg5 52. Rc2 Be3 53. Kf3 Bxd4 54. g5 hxg5 55. Rc1 Bxe5 56. h6 Kf5 57. h7 Bxb2 0-1

[Event "Imperia op-A 61st"]
[Site "Imperia"]
[Date "2019.09.03"]
[Round "3.3"]
[White "Di Paolo, Raffaele"]
[Black "Angelini, Marco"]
[Result "0-1"]
[WhiteElo "2340"]
[BlackElo "2252"]
[PlyCount "78"]
[EventDate "2019.09.01"]
[EventType "swiss"]
[EventRounds "9"]
[EventCountry "ITA"]
[SourceTitle "EXT 2024"]
[Source "ChessBase"]
[SourceDate "2023.10.10"]
[SourceVersion "1"]
[SourceVersionDate "2023.10.10"]
[SourceQuality "1"]

1. e4 c5 2. Nf3 d6 3. d4 cxd4 4. Nxd4 Nf6 5. Nc3 a6 6. g3 e5 7. Nb3 Be6 8. Bg2 Nbd7 9. 0-0 Rc8 10. Nd5 Nxd5 11. exd5 Bf5 12. c3 h5 13. h3 Nf6 14. Qe2 Qd7 15. Kh2 Be7 16. Be3 0-0 17. a4 Rfe8 18. c4 Qc7 19. Rfc1 g6 20. a5 Bf8 21. Nd2 Bg7 22. b4 Qe7 23. c5 e4 24. Nc4 Nxd5 25. Nxd6 Bxa1 26. Rxa1 Qe5 27. Re1 Nxb4 28. Rb1 Nd3 29. Rxb7 Rf8 30. Nxc8 Rxc8 31. Rb6 Nxc5 32. Bxc5 Rxc5 33. Rxa6 h4 34. Ra8+ Kg7 35. a6 hxg3+ 36. fxg3 Rc3 37. Qe1 Ra3 38. a7 Qd4 39. Qc1 Ra1 0-1

[Event "Imperia op-A 61st"]
[Site "Imperia"]
[Date "2019.09.02"]
[Round "2.1"]
[White "Maiorov, Nikita"]
[Black "Di Paolo, Raffaele"]
[Result "1-0"]
[WhiteElo "2509"]
[BlackElo "2340"]
[PlyCount "91"]
[EventDate "2019.09.01"]
[EventType "swiss"]
[EventRounds "9"]
[EventCountry "ITA"]
[SourceTitle "EXT 2024"]
[Source "ChessBase"]
[SourceDate "2023.10.10"]
[SourceVersion "1"]
[SourceVersionDate "2023.10.10"]
[SourceQuality "1"]

1. d4 Nf6 2. c4 g6 3. g3 c5 4. d5 Bg7 5. Nc3 0-0 6. Bg2 d6 7. Nf3 e6 8. 0-0 exd5 9. cxd5 a6 10. a4 Re8 11. Nd2 Nbd7 12. Qb3 Rb8 13. Nc4 Ne5 14. Nb6 Bf5 15. e4 Bh3 16. a5 Bxg2 17. Kxg2 Ned7 18. Nxd7 Nxd7 19. Qc2 Qe7 20. f3 Ne5 21. Na4 Rf8 22. Bd2 f5 23. Rae1 Qf7 24. Nb6 fxe4 25. Rxe4 Rbe8 26. Rf4 Bf6 27. Bc3 g5 28. Rf5 Qg6 29. Rf2 Qg7 30. Bxe5 Bxe5 31. Rxf8+ Rxf8 32. Nc4 Qf6 33. Qe4 Rf7 34. Re2 Re7 35. b3 Kf8 36. Qg4 Bd4 37. Re4 h5 38. Qc8+ Kg7 39. Re6 Rxe6 40. dxe6 Qe7 41. Nb6 g4 42. f4 Kh6 43. Qg8 Qg7 44. Qxg7+ Kxg7 45. Nd5 Bb2 46. f5 1-0

[Event "ITA-chT 50th"]
[Site "Gallipoli"]
[Date "2018.04.28"]
[Round "2.4"]
[White "Di Paolo, Raffaele"]
[Black "David, Alberto"]
[Result "1/2-1/2"]
[WhiteElo "2343"]
[BlackElo "2568"]
[PlyCount "44"]
[EventDate "2018.04.27"]
[EventType "team-swiss"]
[EventRounds "7"]
[EventCountry "ITA"]
[SourceTitle "CBM 184 Extra"]
[Source "ChessBase"]
[SourceDate "2018.06.28"]
[SourceVersion "1"]
[SourceVersionDate "2018.06.28"]
[SourceQuality "1"]
[WhiteTeam "Acqui Terme Collino"]
[BlackTeam "Padova Obiettivo"]
[WhiteTeamCountry "ITA"]
[BlackTeamCountry "ITA"]

1. e4 c5 2. Nf3 e6 3. d4 cxd4 4. Nxd4 Nc6 5. Nc3 Qc7 6. g3 a6 7. Bg2 d6 8. 0-0 Bd7 9. a4 Nf6 10. Nxc6 Bxc6 11. Re1 Be7 12. a5 0-0 13. Be3 Rae8 14. f4 Nd7 15. Qd2 Rc8 16. Bf2 Rfe8 17. g4 Qd8 18. Red1 h6 19. Qe1 Qc7 20. Qd2 Qd8 21. Qe1 Qc7 22. Qd2 Qd8 1/2-1/2

[Event "ITA-chT 49th"]
[Site "Gallipoli"]
[Date "2017.05.01"]
[Round "7.5"]
[White "Pescatore, Lorenzo"]
[Black "Di Paolo, Raffaele"]
[Result "1/2-1/2"]
[WhiteElo "2353"]
[BlackElo "2344"]
[PlyCount "95"]
[EventDate "2017.04.27"]
[EventType "team-swiss"]
[EventRounds "7"]
[EventCountry "ITA"]
[SourceTitle "CBM 178 Extra"]
[Source "ChessBase"]
[SourceDate "2017.06.22"]
[SourceVersion "1"]
[SourceVersionDate "2017.06.22"]
[SourceQuality "1"]
[WhiteTeam "Rome Arrocco"]
[BlackTeam "Acqui Terme Collino"]
[WhiteTeamCountry "ITA"]
[BlackTeamCountry "ITA"]

1. e4 e6 2. d4 d5 3. Bd3 dxe4 4. Bxe4 Nf6 5. Bd3 c5 6. c3 Nc6 7. Nf3 cxd4 8. cxd4 Nb4 9. Be2 Be7 10. 0-0 0-0 11. Nc3 b6 12. a3 Nbd5 13. Bd3 Bb7 14. Qe2 Nxc3 15. bxc3 Qd5 16. Bg5 h6 17. c4 Qa5 18. Bf4 Qh5 19. Be5 Nd7 20. Be4 Bxe4 21. Qxe4 Nxe5 22. Nxe5 Bd6 23. f4 Rac8 24. Nc6 Rc7 25. g3 g6 26. a4 Rfc8 27. d5 Qf5 28. Qf3 h5 29. Kh1 Qg4 30. a5 Qxf3+ 31. Rxf3 exd5 32. cxd5 Bc5 33. Rc1 Rd7 34. Rd3 Kg7 35. Ne5 Rd6 36. axb6 axb6 37. Ra1 Rc7 38. Rb1 Rd8 39. Nc6 Re8 40. Ne5 Bd6 41. Nc6 Bc5 42. Ne5 Bd6 43. Nc6 Bc5 44. Rbd1 f6 45. R3d2 Rd7 46. Kg2 Re3 47. Kf1 h4 48. Re2 1/2-1/2

[Event "Trieste op 17th"]
[Site "Trieste"]
[Date "2015.09.03"]
[Round "8"]
[White "Di Paolo, Raffaele"]
[Black "McPhillips, Joseph"]
[Result "0-1"]
[WhiteElo "2279"]
[BlackElo "2191"]
[PlyCount "130"]
[EventDate "2015.08.29"]
[EventType "swiss"]
[EventRounds "9"]
[EventCountry "ITA"]
[SourceTitle "EXT 2016"]
[Source "ChessBase"]
[SourceDate "2015.10.08"]
[SourceVersion "1"]
[SourceVersionDate "2015.10.08"]
[SourceQuality "1"]

1. e4 e6 2. d4 d5 3. Nd2 Nf6 4. e5 Nfd7 5. Bd3 c5 6. c3 Nc6 7. Ne2 cxd4 8. cxd4 f6 9. exf6 Nxf6 10. 0-0 Bd6 11. Nf3 Qc7 12. Bg5 0-0 13. Bh4 Nh5 14. Qc2 h6 15. Bh7+ Kh8 16. Bg6 Rxf3 17. Bxh5 Bxh2+ 18. Kh1 Rf5 19. Bg6 Bd6 20. Bxf5 exf5 21. Rae1 Qf7 22. Bg3 Bb4 23. Rd1 Bd7 24. Kg1 Re8 25. a3 Ba5 26. b4 Bb6 27. Be5 f4 28. Qd2 Nxe5 29. dxe5 Rxe5 30. Qxf4 Rf5 31. Qb8+ Kh7 32. Nd4 Rf4 33. Nf3 Rxf3 34. gxf3 Qxf3 35. Qe5 Bf5 36. Qh2 Bh3 37. Rc1 Qg4+ 38. Kh1 Qf3+ 39. Kg1 Bxf1 40. Rxf1 Qxa3 41. Qf4 Qd3 42. Re1 Qg6+ 43. Kf1 Qd3+ 44. Kg1 Bd8 45. Re6 Bf6 46. Rd6 Qg6+ 47. Kf1 Qh5 48. Qd2 Qh4 49. Ke2 Qe4+ 50. Qe3 Qc2+ 51. Qd2 Qxd2+ 52. Kxd2 Be7 53. Rd7 Bxb4+ 54. Ke2 a5 55. Rxb7 d4 56. f4 Kg6 57. Kd3 Bc3 58. Ke4 h5 59. Rb6+ Kh7 60. Rb5 h4 61. Rh5+ Kg8 62. Kd3 a4 63. Kc2 Be1 64. Kd1 Bg3 65. Rd5 h3 0-1

[Event "Trieste op 17th"]
[Site "Trieste"]
[Date "2015.09.02"]
[Round "6"]
[White "Di Paolo, Raffaele"]
[Black "Hrescak, Ivana"]
[Result "1-0"]
[WhiteElo "2279"]
[BlackElo "1993"]
[PlyCount "97"]
[EventDate "2015.08.29"]
[EventType "swiss"]
[EventRounds "9"]
[EventCountry "ITA"]
[SourceTitle "EXT 2016"]
[Source "ChessBase"]
[SourceDate "2015.10.08"]
[SourceVersion "1"]
[SourceVersionDate "2015.10.08"]
[SourceQuality "1"]

1. e4 c5 2. Nf3 d6 3. d4 cxd4 4. Nxd4 Nf6 5. Nc3 g6 6. Be3 Bg7 7. f3 0-0 8. Qd2 Nc6 9. Bc4 Bd7 10. 0-0-0 Rb8 11. Bb3 Na5 12. Bh6 Bxh6 13. Qxh6 b5 14. h4 e5 15. Nde2 b4 16. Nd5 Nxb3+ 17. axb3 Nxd5 18. Rxd5 Be6 19. h5 g5 20. Nd4 Rb6 21. Nxe6 fxe6 22. Qxe6+ Kh8 23. Rhd1 Rf6 24. Qxe5 dxe5 25. Rxd8+ Kg7 26. R1d7+ Rf7 27. Rxf7+ Kxf7 28. Rd7+ Kg8 29. Kd2 Rh6 30. g4 Rf6 31. Rd3 h6 32. c4 a6 33. Ke3 Rb6 34. Rd5 Re6 35. c5 Kf7 36. Ke2 Kg7 37. Rd6 Rxd6 38. cxd6 Kf7 39. Kd3 Ke6 40. Kc4 Kxd6 41. Kxb4 Kc6 42. Ka5 Kc5 43. Ka4 Kd4 44. Ka5 Ke3 45. Kxa6 Kxf3 46. b4 Kxg4 47. b5 Kxh5 48. b6 g4 49. b7 1-0

[Event "Trieste op 17th"]
[Site "Trieste"]
[Date "2015.08.31"]
[Round "4"]
[White "Maiorov, Nikita"]
[Black "Di Paolo, Raffaele"]
[Result "1-0"]
[WhiteElo "2552"]
[BlackElo "2279"]
[PlyCount "43"]
[EventDate "2015.08.29"]
[EventType "swiss"]
[EventRounds "9"]
[EventCountry "ITA"]
[SourceTitle "EXT 2016"]
[Source "ChessBase"]
[SourceDate "2015.10.08"]
[SourceVersion "1"]
[SourceVersionDate "2015.10.08"]
[SourceQuality "1"]

1. d4 d5 2. c4 c6 3. Nc3 Nf6 4. e3 e6 5. Nf3 Nbd7 6. Qc2 Bd6 7. Be2 0-0 8. 0-0 dxc4 9. Bxc4 Qe7 10. Bd2 e5 11. Rae1 Bb8 12. Bb3 h6 13. Nh4 Rd8 14. f4 exd4 15. exd4 Qb4 16. Nf5 Nf8 17. Ne4 Qb5 18. Ne7+ Kh8 19. Nxf6 gxf6 20. Nxc8 Rxc8 21. Re7 c5 22. Qf5 1-0

[Event "Trieste op 17th"]
[Site "Trieste"]
[Date "2015.08.30"]
[Round "3"]
[White "Di Paolo, Raffaele"]
[Black "David, Alberto"]
[Result "0-1"]
[WhiteElo "2279"]
[BlackElo "2584"]
[PlyCount "108"]
[EventDate "2015.08.29"]
[EventType "swiss"]
[EventRounds "9"]
[EventCountry "ITA"]
[SourceTitle "EXT 2016"]
[Source "ChessBase"]
[SourceDate "2015.10.08"]
[SourceVersion "1"]
[SourceVersionDate "2015.10.08"]
[SourceQuality "1"]

1. e4 c5 2. Nf3 e6 3. d4 cxd4 4. Nxd4 a6 5. Bd3 Bc5 6. Nb3 Be7 7. 0-0 d6 8. Qe2 Nc6 9. f4 Nf6 10. c4 Nb4 11. Nc3 Nxd3 12. Qxd3 0-0 13. Kh1 b5 14. Be3 bxc4 15. Qxc4 Bb7 16. Rfd1 Rc8 17. Qe2 Nxe4 18. Nxe4 Bxe4 19. Qxa6 Rc2 20. Rd2 Qc7 21. Qe2 Rc8 22. Nd4 Rc4 23. Rad1 Qb7 24. b3 Rc1 25. Qf1 Rxd1 26. Rxd1 Rc3 27. Re1 h5 28. Nf3 Rc2 29. a4 Qxb3 30. a5 Bd3 31. Qg1 Qa4 32. Ra1 Ra2 33. Rxa2 Qxa2 34. Bb6 Bf6 35. h3 Qd5 36. Qf2 e5 37. Qe3 e4 38. Nd2 Qa2 39. Kh2 d5 40. Qf2 Qa3 41. Bd4 Bxd4 42. Qxd4 Qxa5 43. Qe5 Qb5 44. Qc7 Qe8 45. Qd6 e3 46. Nf3 e2 47. Qb4 Be4 48. Ne1 f6 49. Qd2 Qb5 50. Kg3 Qc4 51. Kf2 Kf7 52. g3 d4 53. Qxe2 Qxe2+ 54. Kxe2 Ke6 0-1

[Event "Imperia op-A 56th"]
[Site "Imperia"]
[Date "2014.09.01"]
[Round "2"]
[White "Morselli, Stefano"]
[Black "Di Paolo, Raffaele"]
[Result "0-1"]
[WhiteElo "1871"]
[BlackElo "2237"]
[PlyCount "70"]
[EventDate "2014.08.31"]
[EventType "swiss"]
[EventRounds "9"]
[EventCountry "ITA"]
[SourceTitle "EXT 2016"]
[Source "ChessBase"]
[SourceDate "2015.10.08"]
[SourceVersion "1"]
[SourceVersionDate "2015.10.08"]
[SourceQuality "1"]

1. Nf3 d6 2. d4 g6 3. g3 Bg7 4. Bg2 Nf6 5. 0-0 0-0 6. Re1 Nbd7 7. e4 e5 8. c4 c6 9. b3 exd4 10. Nxd4 Nc5 11. Bb2 Qb6 12. Nc3 a5 13. Qc2 Ng4 14. Rad1 a4 15. Nxa4 Nxa4 16. bxa4 Qb4 17. Rb1 Qxa4 18. Nb3 Bxb2 19. Rxb2 Ne5 20. Nd2 Qxc2 21. Rxc2 Re8 22. Re3 c5 23. f4 Nc6 24. Nb3 Ra3 25. Kf2 Be6 26. e5 Nb4 27. Rd2 dxe5 28. Rxe5 b6 29. Ree2 Rb8 30. Bd5 Bxd5 31. cxd5 c4 32. Nc1 Rd8 33. Rd4 Rc3 34. d6 Rxc1 35. d7 Kf8 0-1

[Event "Acqui Terme op 2nd"]
[Site "Acqui Terme"]
[Date "2013.07.10"]
[Round "5"]
[White "Di Paolo, Raffaele"]
[Black "Laketic, Gojko"]
[Result "0-1"]
[WhiteElo "2274"]
[BlackElo "2411"]
[PlyCount "52"]
[EventDate "2013.07.07"]
[EventType "swiss"]
[EventRounds "9"]
[EventCountry "ITA"]
[SourceTitle "EXT 2014"]
[Source "ChessBase"]
[SourceDate "2013.11.20"]
[SourceVersion "1"]
[SourceVersionDate "2013.11.20"]
[SourceQuality "1"]

1. d4 Nf6 2. c4 c6 3. Nf3 d5 4. Nc3 a6 5. cxd5 cxd5 6. g3 Nc6 7. Bg2 Bf5 8. 0-0 e6 9. Nh4 Bg4 10. h3 Bh5 11. a3 Nd7 12. Nf3 Be7 13. b4 Rc8 14. g4 Bg6 15. Na4 b6 16. Bf4 a5 17. bxa5 Nxa5 18. Ra2 0-0 19. Ne1 b5 20. Nb2 Qb6 21. Bd2 Rfe8 22. e3 Nc4 23. Nxc4 bxc4 24. a4 Qb3 25. Qa1 Rb8 26. Nf3 Bb1 0-1

[Event "Maranello 1st"]
[Site "Maranello"]
[Date "2013.06.23"]
[Round "9"]
[White "Di Paolo, Raffaele"]
[Black "Petkov, Vladimir"]
[Result "0-1"]
[WhiteElo "2289"]
[BlackElo "2545"]
[PlyCount "65"]
[EventDate "2013.06.17"]
[EventType "tourn"]
[EventRounds "9"]
[EventCountry "ITA"]
[SourceTitle "EXT 2015"]
[Source "ChessBase"]
[SourceDate "2014.11.20"]
[SourceVersion "1"]
[SourceVersionDate "2014.11.20"]
[SourceQuality "1"]

1. e4 c5 2. Nf3 d6 3. c3 Nf6 4. Be2 g6 5. 0-0 Bg7 6. Re1 0-0 7. Bf1 Bg4 8. h3 Bxf3 9. Qxf3 Nc6 10. d3 Nd7 11. Na3 Rb8 12. Nc2 b5 13. a3 a5 14. Bd2 b4 15. axb4 axb4 16. Reb1 Na5 17. Qd1 Nb3 18. cxb4 Nxa1 19. Rxa1 Bxb2 20. Rb1 Bg7 21. b5 Ra8 22. Ne3 Nb6 23. Qb3 Qd7 24. Be2 Rfb8 25. Bf3 Ra1 26. Rxa1 Bxa1 27. Ng4 Qe6 28. Qb1 Bd4 29. Nh6+ Kg7 30. Bg4 Qf6 31. Bf3 Ra8 32. e5 Qh4 33. Qe1 0-1

[Event "Maranello 1st"]
[Site "Maranello"]
[Date "2013.06.18"]
[Round "2"]
[White "Di Paolo, Raffaele"]
[Black "Viviani, Alessio"]
[Result "1-0"]
[WhiteElo "2289"]
[BlackElo "2114"]
[PlyCount "97"]
[EventDate "2013.06.17"]
[EventType "tourn"]
[EventRounds "9"]
[EventCountry "ITA"]
[SourceTitle "EXT 2015"]
[Source "ChessBase"]
[SourceDate "2014.11.20"]
[SourceVersion "1"]
[SourceVersionDate "2014.11.20"]
[SourceQuality "1"]

1. e4 c5 2. Nf3 d6 3. c3 Nf6 4. Be2 g6 5. 0-0 Bg7 6. Re1 0-0 7. Bf1 Nc6 8. h3 a6 9. d4 Nd7 10. d5 Na5 11. Bf4 b5 12. Qc1 Re8 13. Bh6 Bh8 14. Nbd2 Nb6 15. Nb3 Nxb3 16. axb3 Bd7 17. Qf4 Bg7 18. h4 f6 19. Nh2 a5 20. Re3 Rf8 21. Rg3 Rf7 22. Be2 Bxh6 23. Qxh6 Qf8 24. Qd2 b4 25. Ng4 Kh8 26. Nh6 Rg7 27. f4 Qb8 28. cxb4 axb4 29. Rf1 Ra2 30. Kh2 Qc7 31. h5 c4 32. bxc4 Na4 33. Rb3 Nc5 34. Rxb4 Nxe4 35. Qd4 Nc5 36. Bg4 Bxg4 37. Nxg4 gxh5 38. Nh6 Rg6 39. Nf5 Qd7 40. Rb8+ Rg8 41. Rxg8+ Kxg8 42. Ne3 Qb7 43. Qd1 Qb3 44. Qxh5 Qxe3 45. Rf3 Qe4 46. Qe8+ Kg7 47. Rg3+ Kh6 48. Qf8+ Kh5 49. Qg7 1-0

[Event "ITA-chT A1.1"]
[Site "Arvier"]
[Date "2013.03.17"]
[Round "5"]
[White "Di Paolo, Raffaele"]
[Black "Saccona, Silvano"]
[Result "1/2-1/2"]
[WhiteElo "2292"]
[BlackElo "2170"]
[PlyCount "113"]
[EventDate "2013.03.15"]
[EventType "team"]
[EventRounds "5"]
[EventCountry "ITA"]
[SourceTitle "EXT 2014"]
[Source "ChessBase"]
[SourceDate "2013.11.20"]
[SourceVersion "1"]
[SourceVersionDate "2013.11.20"]
[SourceQuality "1"]

1. d4 c6 2. e4 d5 3. Nc3 dxe4 4. Nxe4 Nf6 5. Nxf6+ gxf6 6. Nf3 Bg4 7. Be2 e6 8. Bf4 Bd6 9. Qd2 Qc7 10. Bxd6 Qxd6 11. 0-0-0 Nd7 12. Qa5 Nb6 13. Kb1 Nd5 14. g3 Qb4 15. Qxb4 Nxb4 16. a3 Na6 17. h3 Bxf3 18. Bxf3 0-0 19. c4 Nc7 20. Rhe1 Rfe8 21. Re3 Kg7 22. Kc2 f5 23. b4 Rab8 24. a4 a6 25. Bg2 h5 26. Bf3 Kg6 27. h4 Rec8 28. Kb3 Rd8 29. Re5 Rd6 30. a5 Rbd8 31. Kc3 R6d7 32. Ree1 Rd6 33. Be2 Rc8 34. f3 Rh8 35. Rh1 Kf6 36. g4 hxg4 37. fxg4 fxg4 38. Rdg1 Rdd8 39. Rxg4 Ke7 40. h5 Rh6 41. Rg7 Ne8 42. Rg5 Nd6 43. Bd3 Rdh8 44. Kb3 Rf6 45. Rh3 Kd7 46. b5 axb5 47. cxb5 cxb5 48. Bxb5+ Kd8 49. Bd3 Rhh6 50. d5 exd5 51. Rxd5 Kc7 52. Rc5+ Kd8 53. Re3 Rf4 54. Be2 Rh4 55. Bf3 Rf6 56. Rd3 Rh3 57. Rcc3 1/2-1/2

[Event "ITA-chT A1.1"]
[Site "Arvier"]
[Date "2013.03.15"]
[Round "1"]
[White "Napoli, Nicolo"]
[Black "Di Paolo, Raffaele"]
[Result "0-1"]
[WhiteElo "2281"]
[BlackElo "2292"]
[PlyCount "112"]
[EventDate "2013.03.15"]
[EventType "team"]
[EventRounds "5"]
[EventCountry "ITA"]
[SourceTitle "EXT 2014"]
[Source "ChessBase"]
[SourceDate "2013.11.20"]
[SourceVersion "1"]
[SourceVersionDate "2013.11.20"]
[SourceQuality "1"]

1. d4 Nf6 2. c4 g6 3. Nc3 Bg7 4. Nf3 0-0 5. g3 c5 6. d5 d6 7. Bg2 Na6 8. 0-0 Nc7 9. e4 Rb8 10. Qe2 Bg4 11. Bf4 e5 12. dxe6 Nxe6 13. Qd2 Nxf4 14. Qxf4 Be6 15. Rfd1 Nh5 16. Qe3 Qb6 17. b3 Nf6 18. Rac1 Ng4 19. Qe2 Rbd8 20. Rc2 Ne5 21. Ng5 Nc6 22. Na4 Qc7 23. Rcd2 Nd4 24. Qe3 Qe7 25. Nf3 Bd7 26. Nc3 Bc6 27. Nxd4 cxd4 28. Rxd4 Bxd4 29. Qxd4 a6 30. h4 Qe5 31. Qd2 b5 32. cxb5 axb5 33. Kh2 b4 34. Nd5 Bxd5 35. exd5 Ra8 36. Rc1 Rfc8 37. Rc6 Re8 38. Rc7 Re7 39. Rc2 Rb8 40. Bf3 Kg7 41. Kg2 h6 42. Rc4 Qe1 43. Qf4 Ra8 44. Rc2 Re5 45. Rc1 g5 46. Qc4 Qd2 47. Rc2 Qe1 48. Qc6 Rae8 49. Rc4 Rf5 50. Rc1 Qe5 51. Rc4 Re7 52. hxg5 hxg5 53. Be4 Rf6 54. Qc8 Qb2 55. Rc2 Qd4 56. f3 Rxe4 0-1

[Event "Imperia op-A 54th"]
[Site "Imperia"]
[Date "2012.09.08"]
[Round "8"]
[White "Zach, Andreas"]
[Black "Di Paolo, Raffaele"]
[Result "0-1"]
[WhiteElo "2352"]
[BlackElo "2243"]
[PlyCount "62"]
[EventDate "2012.09.02"]
[EventType "swiss"]
[EventRounds "9"]
[EventCountry "ITA"]
[SourceTitle "EXT 2014"]
[Source "ChessBase"]
[SourceDate "2013.11.20"]
[SourceVersion "1"]
[SourceVersionDate "2013.11.20"]
[SourceQuality "1"]

1. d4 d6 2. Bf4 Nd7 3. Nf3 g6 4. e3 Bg7 5. h3 e5 6. Bh2 Ne7 7. c4 0-0 8. Nc3 b6 9. Be2 Bb7 10. 0-0 Nf5 11. dxe5 dxe5 12. Qc2 Nh4 13. Nxh4 Qxh4 14. Bg3 Qg5 15. Ne4 Qe7 16. Bf3 Rab8 17. Nd2 c6 18. Rfd1 f5 19. Nb3 g5 20. c5 f4 21. Bh2 Rbe8 22. cxb6 axb6 23. Na5 e4 24. Nxc6 Bxc6 25. Qxc6 exf3 26. Rxd7 Qe5 27. gxf3 Qxb2 28. Qd5+ Kh8 29. Re1 Qc3 30. Qd2 Qxd2 31. Rxd2 Bc3 0-1

[Event "Imperia op-A 54th"]
[Site "Imperia"]
[Date "2012.09.05"]
[Round "5"]
[White "Stoppa, Omar"]
[Black "Di Paolo, Raffaele"]
[Result "1/2-1/2"]
[WhiteElo "2279"]
[BlackElo "2243"]
[PlyCount "28"]
[EventDate "2012.09.02"]
[EventType "swiss"]
[EventRounds "9"]
[EventCountry "ITA"]
[SourceTitle "EXT 2014"]
[Source "ChessBase"]
[SourceDate "2013.11.20"]
[SourceVersion "1"]
[SourceVersionDate "2013.11.20"]
[SourceQuality "1"]

1. e4 e5 2. Nf3 Nc6 3. Bb5 a6 4. Bxc6 dxc6 5. d4 exd4 6. Qxd4 Qxd4 7. Nxd4 c5 8. Ne2 Bd7 9. Nbc3 0-0-0 10. Be3 Bd6 11. 0-0-0 Ne7 12. f4 f6 13. Ng3 g6 14. Rhe1 Rhe8 1/2-1/2

[Event "ITA-chT"]
[Site "Arvier"]
[Date "2012.04.30"]
[Round "6"]
[White "Ranieri, Fabrizio"]
[Black "Di Paolo, Raffaele"]
[Result "1-0"]
[WhiteElo "2283"]
[BlackElo "2309"]
[PlyCount "43"]
[EventDate "2012.04.27"]
[EventType "team-swiss"]
[EventRounds "7"]
[EventCountry "ITA"]
[SourceTitle "CBM 148 Extra"]
[Source "ChessBase"]
[SourceDate "2012.06.22"]
[SourceVersion "1"]
[SourceVersionDate "2012.06.22"]
[SourceQuality "1"]
[WhiteTeam "Eporediese Ivrea"]
[BlackTeam "Torveca"]
[WhiteTeamCountry "ITA"]
[BlackTeamCountry "ITA"]

1. e4 e6 2. d4 d5 3. Nc3 Bb4 4. e5 Ne7 5. a3 Bxc3+ 6. bxc3 c5 7. Qg4 0-0 8. Bd3 Nbc6 9. Qh5 Ng6 10. Nf3 Qc7 11. Be3 c4 12. Bxg6 fxg6 13. Qg4 Bd7 14. h4 Rf5 15. Ng5 Nd8 16. h5 gxh5 17. Qxh5 h6 18. g4 Rf8 19. Qg6 hxg5 20. Rh3 Rf4 21. Bxf4 gxf4 22. Kd2 1-0

[Event "ITA-chT"]
[Site "Arvier"]
[Date "2012.04.28"]
[Round "3"]
[White "Di Paolo, Raffaele"]
[Black "Contin, Daniel"]
[Result "0-1"]
[WhiteElo "2309"]
[BlackElo "2331"]
[PlyCount "70"]
[EventDate "2012.04.27"]
[EventType "team-swiss"]
[EventRounds "7"]
[EventCountry "ITA"]
[SourceTitle "CBM 148 Extra"]
[Source "ChessBase"]
[SourceDate "2012.06.22"]
[SourceVersion "1"]
[SourceVersionDate "2012.06.22"]
[SourceQuality "1"]
[WhiteTeam "Torveca"]
[BlackTeam "Palermo"]
[WhiteTeamCountry "ITA"]
[BlackTeamCountry "ITA"]

1. e4 e6 2. d4 d5 3. Nc3 h6 4. Nf3 Nf6 5. exd5 exd5 6. Bd3 c5 7. dxc5 Bxc5 8. 0-0 0-0 9. Bf4 Nc6 10. Qd2 Nb4 11. h3 Nxd3 12. Qxd3 Be6 13. Be5 Qd7 14. Bxf6 gxf6 15. Rad1 Rad8 16. Nd4 Kh8 17. Qf3 Kh7 18. Nce2 Rg8 19. Ng3 Rg6 20. Nh5 Bxh3 21. Nxf6+ Rxf6 22. Qxf6 Rg8 23. g3 Rg6 24. Qf4 Bxf1 25. Kxf1 Kg8 26. Kg2 Rg5 27. c3 Bf8 28. Rh1 Qc8 29. Re1 Rh5 30. g4 Rg5 31. f3 Rg6 32. Rh1 Qc4 33. a3 Rb6 34. Qd2 Qa2 35. Nf5 Rxb2 0-1

[Event "Mortara op 1st"]
[Site "Mortara"]
[Date "2011.09.??"]
[Round "3"]
[White "Di Paolo, Raffaele"]
[Black "Genocchio, Daniele"]
[Result "1/2-1/2"]
[WhiteElo "2281"]
[BlackElo "2432"]
[PlyCount "56"]
[EventDate "2011.09.16"]
[EventType "swiss"]
[EventRounds "5"]
[EventCountry "ITA"]
[SourceTitle "EXT 2023"]
[Source "ChessBase"]
[SourceDate "2022.10.05"]
[SourceVersion "1"]
[SourceVersionDate "2022.10.05"]
[SourceQuality "1"]

1. e4 c5 2. Nf3 Nc6 3. Nc3 Nf6 4. Bb5 Qc7 5. 0-0 Nd4 6. Re1 a6 7. Bf1 Ng4 8. g3 Nxf3+ 9. Qxf3 Ne5 10. Qd1 e6 11. d3 Be7 12. Bg2 0-0 13. b3 Bf6 14. Bb2 Nc6 15. Qc1 d6 16. Ne2 Bxb2 17. Qxb2 b5 18. d4 cxd4 19. Nxd4 e5 20. Nxc6 Qxc6 21. c4 bxc4 22. Rac1 Be6 23. Bf1 Qb6 24. Bxc4 Bxc4 25. Rxc4 f5 26. Qd2 fxe4 27. Rexe4 Kh8 28. Re2 h6 1/2-1/2